Soldados de perón : historia crítica sobre los montoneros /
Guardado en:
| Autor Principal: | |
|---|---|
| Otros Autores: | |
| Formato: | Libro |
| Publicado: |
Buenos Aires :
Sudamericana,
2008
|
| Materias: | |
| Etiquetas: |
Agregar Etiqueta
Sin Etiquetas, Sea el primero en etiquetar este registro!
|
| LEADER | 00679nam a22002175a 4500 | ||
|---|---|---|---|
| 001 | CEM.cems002895 | ||
| 005 | 20080701140017.0 | ||
| 008 | 130507s2008##################000#0#####d | ||
| 003 | CEMS | ||
| 020 | |a 9789500729383 | ||
| 082 | 0 | 4 | |a A864.4 |
| 100 | 1 | |a Gillespie, Richard | |
| 245 | 1 | 0 | |a Soldados de perón : |b historia crítica sobre los montoneros / |c Richard Gillespie ; traducción de Antoni Pigrau |
| 260 | |a Buenos Aires : |b Sudamericana, |c 2008 | ||
| 300 | |a 480 p. | ||
| 653 | |a Literatura | ||
| 653 | |a Literatura argentina | ||
| 653 | |a Ensayos | ||
| 653 | |a Ensayo argentino | ||
| 700 | 1 | |a Pigrau, Antoni, trad. | |
| 859 | |a CEMS |b BIB. CEMS - 11 de abril |h A864.4 |i G412 |p 25223.08 |t Ej.1 | ||
